000 00353nab a22001097u 4500
008 130520b1982 xxu||||| |||| 00| 0 spa d
041 _aspa
100 1 _aPieris, Aloysius
_942497
245 0 0 _aHablar del Hijo de Dios en las culturas no cristianas de Asia
_cAloysius Pieris
773 0 _tConcilium
_gV.1,1982,págs.391-399
_x0210-1041
_wRev134
942 _cAR
999 _c354826
_d354826